| 000 | 00908nam a2200253 i 4500 | ||
|---|---|---|---|
| 001 | 179178 | ||
| 003 | ES-MaACL | ||
| 005 | 20250911062852.0 | ||
| 008 | 110926s2010 sp |||| | spa d | ||
| 020 | _a978-84-9895-747-1 | ||
| 080 | _a821.134.2-14"19/20"(082.2) | ||
| 245 | 0 | 3 |
_aLa inteligencia y el hacha _b: (un panorama de la generación poética de 2000) / _c[selección] Luis Antonio de Villena. |
| 260 |
_aMadrid : _bVisor Libros, _c[2010] |
||
| 300 |
_a530 p. ; _c20 cm. |
||
| 490 | 1 |
_aVisor de poesía ; _v747 |
|
| 504 | _aBibliografía: p. 37-38. | ||
| 650 | 7 |
_aPoesías españolas- _yS.XX. _916221 |
|
| 650 | 4 |
_aPoesía española- _yS.XXI _916222 |
|
| 700 | 1 |
_aVillena, Luis Antonio de, _d1951- _9240059 |
|
| 830 | 0 |
_aColección Visor de poesía _v747 _9177331 |
|
| 852 |
_aES-MaACL _jA-11552 _9186053 _bR.146058 _cDEPO1 _dOlim: N-4556 |
||
| 942 |
_2udc _cMONOGRAFIA |
||
| 999 |
_c179178 _d179178 |
||